[Event "Muensterland Verbandsklasse 1819"]
[Site "Germany"]
[Date "2019.01.19"]
[Round "5.5"]
[White "Grothues, Fabian"]
[Black "Werremeyer, Achim"]
[Result "1/2-1/2"]
[WhiteElo "1594"]
[BlackElo "1702"]
[PlyCount "31"]
[EventDate "2018.09.15"]
[EventType "team-tourn"]
[EventRounds "9"]
[EventCountry "GER"]
[SourceTitle "EXT 2020"]
[Source "ChessBase"]
[SourceDate "2019.10.17"]
[SourceVersion "1"]
[SourceVersionDate "2019.10.17"]
[SourceQuality "1"]
[WhiteTeam "Beelen II"]
[BlackTeam "Ibbenbueren"]
[WhiteTeamCountry "GER"]
[BlackTeamCountry "GER"]

1. e4 c6 2. d4 d5 3. exd5 cxd5 4. Bd3 Nf6 5. c3 Nc6 6. Bg5 Bg4 7. Qb3 Qd7 8. Nd2 e6 9. Ngf3 Bxf3 10. Nxf3 Be7 11. Bb5 0-0 12. 0-0 Qc7 13. Bd3 Rac8 14. Bh4 Na5 15. Qa4 a6 16. Rac1 1/2-1/2

[Event "Muensterland Verbandsklasse 1819"]
[Site "Germany"]
[Date "2018.09.15"]
[Round "1.6"]
[White "Grothues, Fabian"]
[Black "Bartsch, Jan"]
[Result "0-1"]
[WhiteElo "1594"]
[BlackElo "1736"]
[PlyCount "78"]
[EventDate "2018.09.15"]
[EventType "team-tourn"]
[EventRounds "9"]
[EventCountry "GER"]
[SourceTitle "EXT 2020"]
[Source "ChessBase"]
[SourceDate "2019.10.17"]
[SourceVersion "1"]
[SourceVersionDate "2019.10.17"]
[SourceQuality "1"]
[WhiteTeam "Beelen II"]
[BlackTeam "Saerbeck"]
[WhiteTeamCountry "GER"]
[BlackTeamCountry "GER"]

1. e4 Nf6 2. Nc3 d5 3. exd5 Nxd5 4. Nxd5 Qxd5 5. Nf3 Bg4 6. Be2 e6 7. c3 c6 8. d4 Be7 9. h3 Bh5 10. Bf4 Nd7 11. Qc2 0-0 12. 0-0 Bg6 13. Qd2 Qa5 14. Rfe1 Rfd8 15. a4 c5 16. dxc5 Nxc5 17. Qe3 Nb3 18. Ra2 Bc5 19. Qe5 Rd5 20. Qc7 Qxc7 21. Bxc7 Rd7 22. Bg3 Rad8 23. Ne5 Re7 24. Bd1 Nc1 25. Ra1 Nd3 26. Nxd3 Rxd3 27. Be2 Rxg3 28. b4 Rxc3 29. bxc5 Rxc5 30. Red1 h6 31. Rd8+ Kh7 32. Ra8 a6 33. Rd1 Be4 34. Rb8 Bd5 35. Rf8 Rec7 36. Rd4 g6 37. h4 Kg7 38. Rd8 Rc1+ 39. Kh2 R7c2 0-1